000 00519nam a2200217Ia 4500
999 _c49413
_d49413
003 0100
005 20171017101110.0
008 130303s9999 xx 000 0 und d
040 _cARRUPELIB
050 _aB765.T54C42
100 _aChenu, M. Dominique
_937140
245 4 _aThe scope of the Summa of St. Thomas
260 _aWashington, D.C.
260 _bThe Thomist Press
300 _a47p.
300 _b 17cm.
440 _aCompact studies
_937141
600 _aThomas Aquinas, St. Summa theologiae
_937142
700 _aBrennan, Robert Edward
_937144
942 0 0 _02
_2lcc
_cMONOGRAPH